| 000 | 00447nam a22001697a 4500 | ||
|---|---|---|---|
| 003 | NUST - PNEC | ||
| 005 | 20170116181010.0 | ||
| 008 | 150913b xxu||||| |||| 00| 0 eng d | ||
| 020 | _a8120311000 | ||
| 040 | _cLIBRARY | ||
| 082 | _a004.67 KEN | ||
| 100 |
_910149 _aPeter Kent |
||
| 245 |
_aThe complete idiot's : guide to world wide web _cPeter Kent |
||
| 260 | _cc.1995 | ||
| 650 |
_910152 _aThe complete idiots guide _xMIS |
||
| 942 |
_2ddc _cBK |
||
| 999 |
_c67078 _d67078 |
||